Causas formadas a consecuencia de la sedición militar que tuvo lugar en esta corte en la noche del 7 de octubre de 1841 / (Record no. 43795)

MARC details
000 -LEADER
campo de control de longitud fija 01815nam a2200241 i 4500
001 - NÚMERO DE CONTROL
campo de control 43795
003 - IDENTIFICADOR DE NÚMERO DE CONTROL
campo de control ES-MaACL
005 - FECHA Y HORA DE LA ÚLTIMA TRANSACCIÓN
campo de control 20251113180109.0
007 - CAMPO FIJO DE DESCRIPCIÓN FÍSICA--INFORMACIÓN GENERAL
campo de control de longitud fija t|
008 - DATOS DE LONGITUD FIJA--INFORMACIÓN GENERAL
campo de control de longitud fija 030318s1841 sp ||||1| spa d
245 00 - MENCIÓN DEL TÍTULO
Título Causas formadas a consecuencia de la sedición militar que tuvo lugar en esta corte en la noche del 7 de octubre de 1841 /
Mención de responsabilidad, etc. publicadas por Don Nemesio Fernández Cuesta, Don Francisco de P. Madrazo y Don Juan Pérez Calvo, taquígrafos... del Senado.
260 ## - PUBLICACIÓN, DISTRIBUCIÓN, ETC.
Lugar de publicación, distribución, etc. Madrid :
Nombre del editor, distribuidor, etc. [s.n.],
Fecha de publicación, distribución, etc. 1841 (
Fabricante Imp. de la Compañía General de Impresores y Libreros)
300 ## - DESCRIPCIÓN FÍSICA
Extensión 1 v. ;
Dimensiones 19 cm.
505 8# - NOTA DE CONTENIDO CON FORMATO
Nota de contenido con formato Contiene: Causa de los generales D. Diego León y D. Manuel de la Concha. Defensa del teniente general D. Diego de León, por D. Federico de Roncali. Causa del brigadier de infantería Fernando Norzagoray. Causa del brigadier Gregorio Quiroga y del conde de Requena. Sumarias en averiguación de la conducta que observaron varios sugetos [sic] en la citada noche. Causa de varios gefes [sic] y oficiales del Regimiento de Infantería de la Princesa. Causa del teniente coronel D. Dámaso Fulgosio y del coronel D. José Fulgosio. Causa del comandante José María Marquesí. Causa del brigadier Pezuela, de Garzón Sánchez Torres, del coronel Córdoba y del duque de San Carlos. Apuntes sobre los últimos momentos de D. Manuel Montes de Oca
530 ## - NOTA DISPONIBLE DE FORMULARIO FÍSICO ADICIONAL
Nota de formato físico adicional disponible Disponible en formato digital.
650 ## - PUNTO DE ACCESO ADICIONAL DE MATERIA--TÉRMINO DE MATERIA
Término de materia o nombre geográfico como elemento de entrada Procesos-
Subdivisión geográfica España.
9 (RLIN) 157314
700 1# - ENTRADA AGREGADA--NOMBRE PERSONAL
Nombre de persona Fernández Cuesta, Nemesio,
Fechas asociadas al nombre 1818-1893
9 (RLIN) 49614
700 1# - ENTRADA AGREGADA--NOMBRE PERSONAL
Nombre de persona Madrazo, Francisco de Paula.
9 (RLIN) 75338
700 1# - ENTRADA AGREGADA--NOMBRE PERSONAL
Nombre de persona Pérez Calvo, Juan,
Fechas asociadas al nombre m.1870
9 (RLIN) 90698
852 ## - LOCALIZACIÓN
Ubicación ES-MaACL
Número de control de estantería D-892
856 ## - LOCALIZACIÓN Y ACCESO ELECTRÓNICOS
Identificador Uniforme de Recursos <a href="http://bibliotecavirtual.asturias.es/i18n/consulta/registro.cmd?id=3940">http://bibliotecavirtual.asturias.es/i18n/consulta/registro.cmd?id=3940</a>
Nota pública Biblioteca Virtual del Principado de Asturias
Holdings
Estatus retirado Estado de pérdida Estado de daño No para préstamo Colección Biblioteca de origen Biblioteca actual Ubicación en estantería Fecha de adquisición Fuente de adquisición Total de préstamos Signatura topográfica completa Código de barras Visto por última vez Precio de reemplazo Tipo de ítem Koha
        Colección digital Biblioteca del Ateneo de Madrid Biblioteca del Ateneo de Madrid Sala Valle Inclán 17/01/2008     D-892 901046099 23/02/2023 23/02/2023 Libro impreso antiguo